<?xml version="1.0" encoding="UTF-8"?>
<collection xmlns="http://www.loc.gov/MARC21/slim">
 <record>
  <leader>06156nam a2200397 a 4500</leader>
  <controlfield tag="001">kal4683</controlfield>
  <controlfield tag="003">Gr-AtHEAL</controlfield>
  <controlfield tag="005">20160425083838.0</controlfield>
  <controlfield tag="006">m        d        </controlfield>
  <controlfield tag="008">160413s2015    gr      s           gre|c</controlfield>
  <datafield tag="020" ind1=" " ind2=" ">
   <subfield code="a">9789606032349</subfield>
  </datafield>
  <datafield tag="040" ind1=" " ind2=" ">
   <subfield code="a">GR-AtHEAL</subfield>
   <subfield code="b">gre</subfield>
   <subfield code="c">GR-AtHEAL</subfield>
  </datafield>
  <datafield tag="082" ind1="0" ind2="4">
   <subfield code="a">551.46</subfield>
   <subfield code="2">23</subfield>
  </datafield>
  <datafield tag="100" ind1="1" ind2=" ">
   <subfield code="a">Δασενάκης, Εμμανουήλ.</subfield>
   <subfield code="8">1568</subfield>
  </datafield>
  <datafield tag="245" ind1="1" ind2="0">
   <subfield code="a">Χημική ωκεανογραφία</subfield>
   <subfield code="h">[Ηλεκτρονικός πόρος] </subfield>
   <subfield code="b">Χημικές διεργασίες στο θαλάσσιο χώρο</subfield>
   <subfield code="c">Δασενάκης, Εμμανουήλ ; Λαδάκης, Εμμανουήλ ; Καραβόλτσος, Σωτήρης ; Παρασκευοπούλου, Βασιλική ; Κριτικός αναγνώστης,Κρασακοπούλου, Ευαγγελία ; Γραφιστική επιμέλεια,Παπακοσμάς, Ιωάννης.</subfield>
  </datafield>
  <datafield tag="260" ind1=" " ind2=" ">
   <subfield code="a">Αθήνα :</subfield>
   <subfield code="b">Σύνδεσμος Ελληνικών Ακαδημαϊκών Βιβλιοθηκών,</subfield>
   <subfield code="c">c2015.</subfield>
  </datafield>
  <datafield tag="490" ind1=" " ind2=" ">
   <subfield code="a">Ακαδημαϊκά Ηλεκτρονικά Συγγράμματα και Βοηθήματα Κάλλιπος</subfield>
   <subfield code="8">40</subfield>
  </datafield>
  <datafield tag="520" ind1=" " ind2=" ">
   <subfield code="a">Το βιβλίο απευθύνεται σε φοιτητές του Τμήματος Χημείας του Πανεπιστημίου Αθηνών και καλύπτει την ύλη του μαθήματος της Χημικής Ωκεανογραφίας. Μπορεί επίσης να χρησιμοποιηθεί από φοιτητές άλλων Τμημάτων και ΑΕΙ που διδάσκονται παρόμοιο μάθημα και από μεταπτυχιακούς φοιτητές Ωκεανογραφίας. Ακόμα από επιστήμονες που θέλουν να ενημερωθούν για τις χημικές διεργασίες στο θαλάσσιο περιβάλλον. Το βιβλίο χωρίζεται σε τρία μέρη:Το πρώτο μέρος αποτελείται από 4 κεφάλαια που πραγματεύονται εισαγωγικές έννοιες της Ωκεανογραφίας με έμφαση στη Θαλάσσια Χημεία. Γίνεται μια σύντομη περιγραφή των Ωκεανών και της εξέλιξής τους στην σημερινή μορφή με αναφορά στα κύρια φυσικοχημικά χαρακτηριστικά του θαλασσινού νερού, συζητείται ο υδρολογικός κύκλος, η σταθερότητα της χημικής σύστασης των ωκεανών, η θαλάσσια κυκλοφορία και περιγράφεται η μορφή του θαλάσσιου πυθμένα και τα θαλάσσια ιζήματα όπως επίσης η ζωή στο θαλάσσιο περιβάλλον και η ταξινόμησή της. Γίνεται ακόμα σύντομη ιστορική ανασκόπηση της εξέλιξης της Ωκεανογραφικής Επιστήμης. Το δεύτερο μέρος αποτελείται από 4 κεφάλαια που πραγματεύονται τη μορφή, και τη χημική συμπεριφορά στοιχείων και ενώσεων στο θαλάσσιο περιβάλλον, περιγράφονται οι σημαντικότεροι βιογεωχημικοί κύκλοι (αζώτου,φωσφόρου,πυριτίου,θείου) και εξετάζονται βασικές χημικές διεργασίες όπως η συμπλοκοποίηση, η οξειδοαναγωγή, η καθίζηση και η διαλυτοποίηση. Ακόμα περιγράφονται οι διεργασίες στις μεσεπιφάνειες μεταξύ ατμόσφαιρας–θάλασσας, θάλασσας–βυθού, γλυκών–αλμυρών νερών. Τέλος συζητούνται οι πηγές, οι επιπτώσεις και ή έκταση της χημικής θαλάσσιας ρύπανσης. Το τρίτο μέρος αποτελείται από 2 κεφάλαια. Στο πρώτο περιγράφεται η μεθοδολογία κατάστρωσης και ο τρόπος οργάνωσης μιας ωκεανογραφικής έρευνας και παρουσιάζονται όργανα που χρησιμοποιούνται για συλλογή και επεξεργασία των δειγμάτων. Το δεύτερο απαρτίζεται από 9 εργαστηριακές ασκήσεις προσδιορισμού των πλέον σημαντικών χημικών ωκεανογραφικών παραμέτρων με κλασσικές και σύγχρονες ενόργανες μεθόδους.</subfield>
  </datafield>
  <datafield tag="650" ind1=" " ind2="0">
   <subfield code="a">Chemical oceanography</subfield>
   <subfield code="8">2367</subfield>
  </datafield>
  <datafield tag="653" ind1=" " ind2=" ">
   <subfield code="a">Βιογεωχημικοί κυκλοι</subfield>
  </datafield>
  <datafield tag="653" ind1=" " ind2=" ">
   <subfield code="a">Θαλάσσια ρύπανση</subfield>
  </datafield>
  <datafield tag="653" ind1=" " ind2=" ">
   <subfield code="a">Θαλάσσια ζωή</subfield>
  </datafield>
  <datafield tag="653" ind1=" " ind2=" ">
   <subfield code="a">Θαλάσσια ιζήματα</subfield>
  </datafield>
  <datafield tag="653" ind1=" " ind2=" ">
   <subfield code="a">Θαλάσσιο περιβάλλον</subfield>
  </datafield>
  <datafield tag="653" ind1=" " ind2=" ">
   <subfield code="a">Ωκεανογράφια</subfield>
  </datafield>
  <datafield tag="653" ind1=" " ind2=" ">
   <subfield code="a">Επιστήμες της γης</subfield>
   <subfield code="a">Ωκεανογραφία</subfield>
  </datafield>
  <datafield tag="653" ind1=" " ind2=" ">
   <subfield code="a">Χημεία/Γενική χημεία</subfield>
   <subfield code="a">Χημεία περιβάλλοντος</subfield>
   <subfield code="a">Χημική ωκεανογραφία</subfield>
  </datafield>
  <datafield tag="700" ind1="1" ind2=" ">
   <subfield code="a">Λαδάκης, Εμμανουήλ</subfield>
   <subfield code="e">Συγγραφέας</subfield>
   <subfield code="8">1569</subfield>
  </datafield>
  <datafield tag="700" ind1="1" ind2=" ">
   <subfield code="a">Καραβόλτσος, Σωτήρης</subfield>
   <subfield code="e">Συγγραφέας</subfield>
   <subfield code="8">1570</subfield>
  </datafield>
  <datafield tag="700" ind1="1" ind2=" ">
   <subfield code="a">Παρασκευοπούλου, Βασιλική</subfield>
   <subfield code="e">Συγγραφέας</subfield>
   <subfield code="8">1571</subfield>
  </datafield>
  <datafield tag="700" ind1="1" ind2=" ">
   <subfield code="a">Κρασακοπούλου, Ευαγγελία</subfield>
   <subfield code="e">Κριτικός αναγνώστης</subfield>
   <subfield code="8">1572</subfield>
  </datafield>
  <datafield tag="856" ind1="4" ind2="0">
   <subfield code="u">http://hdl.handle.net/11419/4683</subfield>
   <subfield code="z">Πλήρες Κείμενο - Full text</subfield>
  </datafield>
  <datafield tag="907" ind1=" " ind2=" ">
   <subfield code="a">.b25679715</subfield>
   <subfield code="b">12-06-18</subfield>
   <subfield code="c">29-07-16</subfield>
  </datafield>
  <datafield tag="949" ind1=" " ind2=" ">
   <subfield code="0">0</subfield>
   <subfield code="1">0</subfield>
   <subfield code="2">ddc</subfield>
   <subfield code="4">0</subfield>
   <subfield code="6">551_460000000000000_ΔΑΣ</subfield>
   <subfield code="7">0</subfield>
   <subfield code="8">KALL</subfield>
   <subfield code="8">730</subfield>
   <subfield code="d">2016-04-13</subfield>
   <subfield code="r">2016-04-13</subfield>
   <subfield code="w">2016-04-13</subfield>
   <subfield code="z">551.46 ΔΑΣ</subfield>
   <subfield code="o">SEAB KALLIPOS</subfield>
  </datafield>
  <datafield tag="998" ind1=" " ind2=" ">
   <subfield code="a">80</subfield>
   <subfield code="a">01</subfield>
   <subfield code="a">02</subfield>
   <subfield code="a">03</subfield>
   <subfield code="a">04</subfield>
   <subfield code="a">05</subfield>
   <subfield code="a">06</subfield>
   <subfield code="a">07</subfield>
   <subfield code="a">08</subfield>
   <subfield code="a">09</subfield>
   <subfield code="a">10</subfield>
   <subfield code="a">11</subfield>
   <subfield code="a">12</subfield>
   <subfield code="a">13</subfield>
   <subfield code="a">14</subfield>
   <subfield code="a">15</subfield>
   <subfield code="a">16</subfield>
   <subfield code="a">17</subfield>
   <subfield code="a">18</subfield>
   <subfield code="a">19</subfield>
   <subfield code="a">20</subfield>
   <subfield code="a">21</subfield>
   <subfield code="a">22</subfield>
   <subfield code="a">23</subfield>
   <subfield code="a">24</subfield>
   <subfield code="a">25</subfield>
   <subfield code="a">26</subfield>
   <subfield code="b">16-05-17</subfield>
   <subfield code="c">m</subfield>
   <subfield code="d">z  </subfield>
   <subfield code="e">-</subfield>
   <subfield code="f">gre</subfield>
   <subfield code="g">gr </subfield>
   <subfield code="h">0</subfield>
  </datafield>
  <datafield tag="942" ind1=" " ind2=" ">
   <subfield code="2">ddc</subfield>
   <subfield code="c">KALLIPOS</subfield>
  </datafield>
 </record>
</collection>
